Statistics for Provinces of the Western Roman Empire with a Map

Click here to take the quiz!

General Stats

  • This quiz has been taken 666 times
  • The average score is 28 of 59

Answers on the Map

Answers color-coded by a green-red scale on the quiz's map according to % correct below.
 

Answer Stats

Provinces% Correct
Sicilia
91%
Sardinia
89%
Corsica
88%
Britannia I
83%
Britannia II
83%
Dalmatia
78%
Africa Proconsularis
75%
Tuscia et Umbria
73%
Germania I
72%
Germania II
72%
Lusitania
67%
Venetia et Histria
66%
Belgica I
65%
Belgica II
65%
Gallaecia
64%
Mauretania Tingitana
63%
Mauretania Caesariensis
61%
Aquitania I
59%
Aquitania II
59%
Mauretania Sitifensis
59%
Apulia et Calabria
58%
Carthaginensis
52%
Pannonia I
52%
Pannonia II
52%
Pannonia Savia
52%
Pannonia Valeria
52%
Liguria
50%
Narbonensis I
49%
Narbonensis II
49%
Balearica
46%
Campania
46%
Raetia I
46%
Raetia II
46%
Lugdunensis I
44%
Lugdunensis II
44%
Lugdunensis III
44%
Lugdunensis Senonia
44%
Tarraconensis
44%
Baetica
40%
Noricum Mediterraneum
40%
Noricum Ripense
40%
Tripolitania
40%
Aemilia
36%
Numidia
31%
Alpes Maritimae
25%
Lucania et Brutii
21%
Alpes Cottiae
20%
Viennensis
20%
Samnium
16%
Flaminia et Picenum
15%
Maxima Sequanorum
15%
Valeria
15%
Alpes Atrectianae et Poeninae
14%
Flavia Caesariensis
14%
Picenum Suburbicarium
14%
Maxima Caesariensis
13%
Byzacena
11%
Valentia
11%
Novempopulania
10%

Score Distribution

Percentile by Number Answered

Percent of People with Each Score

Your Score History

You have not taken this quiz